[Event "Let's Play Chess!"]
[Site "http://www.queenalice.com/game.php?id=1522425"]
[Date "2018.4.5"]
[Round "-"]
[White "igorjava"]
[Black "JohnnyFarm"]
[Result "1-0"]
[WhiteElo "1912"]
[BlackElo "1556"]

1. e4 e5 2. f4 Nc6 3. Nf3 Nf6 4. Nc3 d6 5. f5 Be7 6. Bc4 O-O 7. a3 Ng4 8. O-O a6
9. h3 Nf6 10. b4 b5 11. Ba2 Nd4 12. d3 c6 13. Ne2 Nxe2+ 14. Qxe2 d5 15. Nxe5 Qc7
16. Bb2 Qb6+ 17. Kh1 Bd6 18. Nf3 Nh5 19. Qf2 Qxf2 20. Rxf2 Ng3+ 21. Kg1 dxe4 22.
dxe4 Nxe4 23. Re2 Bxf5 24. c4 bxc4 25. Bxc4 a5 26. Rd1 axb4 27. Rxe4 Bxe4 28.
Rxd6 bxa3 29. Bc3 Rfb8 30. Ne5 a2 31. Rd1 Ra3 32. Ba1 Kf8 33. Nd7+ Ke8 34. Nxb8
f5 35. Na6 Ra4 36. Nc7+ Ke7 37. Be2 g5 38. Bf3 c5 39. Bxe4 fxe4 40. Kf2 c4 41.
Nd5+ Ke6 42. Nc3 Ra3 43. Nxe4 Kf5 44. Nd6+ Kf4 45. Nxc4 Rg3 46. Rd4+ Kf5 47.
Ne3+ Ke5 48. Rg4+ Ke6 49. Kxg3 h6 50. Ra4 g4 51. Nxg4 h5 52. Ne3 h4+ 53. Kxh4
Ke7 54. Rxa2 Kd8 55. Kg5 Ke8 56. Ra7 Kd8 57. Kf6 Kc8 58. Be5 Kd8 59. Ke6 Kc8 60.
Kd6 Kb8 61. Rf7 Kc8 62. Bd4 Kd8 63. Rf8# 1-0

[Event "Let's Play Chess!"]
[Site "http://www.queenalice.com/game.php?id=1522493"]
[Date "2018.4.5"]
[Round "-"]
[White "JohnnyFarm"]
[Black "charles31"]
[Result "1-0"]
[WhiteElo "1513"]
[BlackElo "1617"]

1. e4 e5 2. Nf3 d6 3. Nc3 a6 4. Bc4 h6 5. d3 Nf6 6. Be3 Nc6 7. O-O Be7 8. d4
exd4 9. Bxd4 Nxd4 10. Nxd4 Bd7 11. Re1 O-O 12. Nce2 Nxe4 13. Nf4 Nc5 14. Qf3 Bf6
15. c3 Kh8 16. b3 Bxd4 17. cxd4 Ne6 18. Bxe6 Bxe6 19. Qg3 Bd7 20. Nh5 g6 21. Nf4
Bc6 22. d5 Bd7 23. Re4 Bf5 24. Rb4 Ra7 25. Qc3+ Kh7 26. Qd4 b6 27. Re1 Re8 28.
Rd1 Re4 29. Qd2 a5 30. Rxe4 Bxe4 31. Qd4 Bf5 32. Re1 Ra8 33. h3 g5 34. Nh5 Qh8
35. Nf6+ Kg6 36. g4 Bxg4 37. hxg4 b5 38. Rc1 1-0

[Event "Let's Play Chess!"]
[Site "http://www.queenalice.com/game.php?id=1527394"]
[Date "2018.5.16"]
[Round "-"]
[White "JohnnyFarm"]
[Black "charles31"]
[Result "0-1"]
[WhiteElo "1575"]
[BlackElo "1583"]

1. e4 e5 2. Nf3 d6 3. Nc3 a6 4. Bc4 Nf6 5. O-O Nc6 6. Ng5 Bg4 7. Qe1 Bh5 8. d3
h6 9. Nh3 Be7 10. b4 Nxb4 11. Qd2 c6 12. d4 exd4 13. Qxd4 Nxc2 14. Rb1 Nxd4 15.
Rxb7 Qa5 16. Nf4 Qxc3 17. Bd3 O-O 18. Be3 Bg6 19. Bxd4 Qd2 20. g3 Rfe8 21. e5
Bxd3 0-1

[Event "Let's Play Chess!"]
[Site "http://www.queenalice.com/game.php?id=1527457"]
[Date "2018.5.16"]
[Round "-"]
[White "george941"]
[Black "JohnnyFarm"]
[Result "1-0"]
[WhiteElo "1737"]
[BlackElo "1566"]

1. d4 Nf6 2. Nf3 e6 3. e3 d5 4. Bd3 Bd6 5. O-O Nc6 6. Nc3 Nb4 7. a3 Nc6 8. Re1
O-O 9. e4 dxe4 10. Nxe4 e5 11. Nxd6 cxd6 12. dxe5 Bg4 13. exf6 Qxf6 14. Be2 Rae8
15. Rb1 Ne5 16. Nxe5 Bxe2 17. Rxe2 dxe5 18. Qd7 Re7 19. Qh3 Rd8 20. Be3 a5 21.
Qg3 b5 22. Bg5 Qe6 23. Bxe7 Qa2 24. Ree1 Rd5 25. Bf6 g6 26. Qg5 e4 27. Qh6 Rf5
28. Qg7# 1-0

[Event "Let's Play Chess!"]
[Site "http://www.queenalice.com/game.php?id=1527473"]
[Date "2018.5.16"]
[Round "-"]
[White "paolop69"]
[Black "JohnnyFarm"]
[Result "1-0"]
[WhiteElo "1804"]
[BlackElo "1585"]

1. e4 e5 2. Bc4 Nf6 3. d3 Bc5 4. h3 c6 5. Bg5 b5 6. Bb3 d5 7. Nd2 Nbd7 8. exd5
Qb6 9. Be3 cxd5 10. Bxc5 Qxc5 11. a3 O-O 12. Ba2 b4 13. Nb3 1-0

[Event "Challenge"]
[Site "http://www.queenalice.com/game.php?id=1529497"]
[Date "2018.6.2"]
[Round "-"]
[White "chyco"]
[Black "JohnnyFarm"]
[Result "0-1"]
[WhiteElo "1558"]
[BlackElo "1516"]

1. e4 e5 2. Qh5 Nc6 3. Nf3 d6 4. g4 Nb4 5. Na3 g6 6. Qh3 Be6 7. Qg2 Nf6 8. c3
Na6 9. h3 d5 10. Ng5 Bc5 11. b4 Bb6 12. f3 d4 13. Bb2 dxc3 14. dxc3 Nd7 15. b5
Nac5 16. h4 c6 17. h5 Qxg5 18. Bc1 Qe7 19. h6 Ba5 20. Bd2 Nd3+ 21. Bxd3 Qxa3 22.
O-O O-O-O 23. Rfc1 Nc5 24. Qe2 Bb6 25. Kg2 Nxd3 26. Rcb1 Bc4 27. Qd1 Qc5 28. Qg1
Qxg1+ 29. Rxg1 cxb5 30. Rgd1 Nf2 31. Kg3 Nxd1 32. Rxd1 Be3 33. Bxe3 Rxd1 34.
Bxa7 Bxa2 35. Bc5 Kd7 36. Kh4 Rh1+ 37. Kg5 Rc8 38. Bb6 Rxc3 39. Kf6 Rxf3+ 40.
Kg7 Rf4 41. Kxh7 b4 0-1

[Event "Challenge"]
[Site "http://www.queenalice.com/game.php?id=1530625"]
[Date "2018.6.11"]
[Round "-"]
[White "pj"]
[Black "JohnnyFarm"]
[Result "1-0"]
[WhiteElo "1472"]
[BlackElo "1539"]

1. e4 e5 2. g4 Bc5 3. Nh3 Nf6 4. f3 Nc6 5. c3 d5 6. b4 Bb6 7. a4 dxe4 8. a5 exf3
9. axb6 e4 10. Nf2 cxb6 11. g5 Nh5 12. Nxe4 Qe7 13. Qxf3 g6 14. d4 Bf5 15. Nd2
O-O 16. Bh3 Bxe4 17. Nxe4 f5 18. gxf6 Qe8 19. O-O a5 20. f7+ Rxf7 21. Qg4 Rxf1+
22. Bxf1 Qf7 23. Nd6 Qe7 24. Bc4+ Kf8 25. Bh6+ Ng7 26. Qf4+ Qf7 27. Qxf7# 1-0

[Event "Challenge"]
[Site "http://www.queenalice.com/game.php?id=1530626"]
[Date "2018.6.11"]
[Round "-"]
[White "JohnnyFarm"]
[Black "pj"]
[Result "1-0"]
[WhiteElo "1520"]
[BlackElo "1477"]

1. e4 e5 2. Nf3 f6 3. Bc4 Nh6 4. Nc3 c6 5. d4 b5 6. Bb3 b4 7. Na4 Na6 8. O-O d6
9. d5 cxd5 10. Bxd5 Rb8 11. Be3 Qd7 12. b3 g5 13. c3 bxc3 14. Nxc3 Ng4 15. h3
Nxe3 16. fxe3 Bb7 17. a4 Bxd5 18. Nxd5 h5 19. Nxf6+ Ke7 20. Nxd7 Kxd7 21. Nxg5
Bh6 22. Nf7 Bxe3+ 23. Kh1 Rhf8 24. Qxh5 Rxb3 25. Qg4+ Ke7 26. Qh4+ Ke6 27. Qf6+
Kd7 28. Qxd6+ Kc8 29. Qxa6+ Rb7 30. Nd6+ Kd8 31. Rxf8+ Ke7 32. Nxb7 Kxf8 33.
Rf1+ Kg8 34. Qg6+ Kh8 35. Rf8# 1-0

[Event "Challenge"]
[Site "http://www.queenalice.com/game.php?id=1532715"]
[Date "2018.6.26"]
[Round "-"]
[White "JohnnyFarm"]
[Black "lgraham"]
[Result "0-1"]
[WhiteElo "1554"]
[BlackElo "1579"]

1. e4 e5 2. Nf3 Nc6 3. Bb5 Nd4 4. Nc3 c6 5. Bd3 d6 6. O-O Bg4 7. a4 Qf6 8. Be2
Qf4 9. d3 Qf6 10. Bg5 Nxf3+ 11. gxf3 Qxg5 12. fxg4 Nf6 13. d4 exd4 14. Qxd4 Nxg4
15. f3 Ne3+ 16. Kh1 Qg2# 0-1

[Event "Revenge?"]
[Site "http://www.queenalice.com/game.php?id=1535914"]
[Date "2018.7.24"]
[Round "-"]
[White "JohnnyFarm"]
[Black "lgraham"]
[Result "0-1"]
[WhiteElo "1534"]
[BlackElo "1576"]

1. e4 e5 2. Nf3 Nc6 3. Bb5 Nf6 4. Nc3 Bb4 5. O-O d5 6. exd5 Nxd5 7. Bxc6+ bxc6
8. d4 Nxc3 9. bxc3 Bxc3 10. Nxe5 Bxa1 11. Nxf7 Kxf7 12. Qf3+ Qf6 13. Qxc6 Qxc6
14. Re1 Bxd4 15. Bf4 Qxc2 16. Bxc7 Qxf2+ 17. Kh1 Qxe1# 0-1

[Event "Let's Play Chess!"]
[Site "http://www.queenalice.com/game.php?id=1536811"]
[Date "2018.8.2"]
[Round "-"]
[White "JohnnyFarm"]
[Black "george941"]
[Result "1-0"]
[WhiteElo "1565"]
[BlackElo "1745"]

1. e4 d5 2. Nc3 dxe4 3. Nxe4 e5 4. Nf3 Bg4 5. Bc4 Nd7 6. d3 Ngf6 7. Bg5 Be7 8.
c3 Nxe4 9. dxe4 Bxg5 10. Qd5 Be6 11. Qb5 b6 12. Rd1 Bxc4 13. Qxc4 Bf4 14. O-O
O-O 15. b4 Qc8 16. g3 Bh6 17. Rd5 Nf6 18. Nxe5 Nxd5 19. Qxd5 Qe6 20. Qxe6 fxe6
21. Rd1 Rad8 22. Re1 Rd2 23. a4 Ra2 24. a5 Rfxf2 25. axb6 Rg2+ 26. Kh1 Rxh2+ 27.
Kg1 Rag2+ 28. Kf1 Rxg3 29. Rd1 Be3 30. Rd8# 1-0

[Event "Challenge"]
[Site "http://www.queenalice.com/game.php?id=1537483"]
[Date "2018.8.3"]
[Round "-"]
[White "JohnnyFarm"]
[Black "dejami"]
[Result "0-1"]
[WhiteElo "1534"]
[BlackElo "1676"]

1. e4 e5 2. Nf3 Qf6 3. Nc3 c6 4. Bc4 g5 5. d3 h6 6. d4 d6 7. b3 b5 8. Bd3 exd4
9. Ne2 a6 10. Nexd4 c5 11. Nf5 Bxf5 12. exf5 Qxa1 13. O-O Qf6 14. Qe2+ Ne7 15.
c4 Kd7 16. cxb5 a5 17. b6 Nbc6 18. Be4 Rb8 19. Qa6 Nc8 20. b7 N8a7 21. Rd1 Kc7
22. Bd2 Rxb7 23. Bxa5+ Nxa5 24. Bxb7 Nxb7 25. Qxa7 Qxf5 26. Rc1 Qf4 27. a3 Qxc1+
28. Ne1 Qxe1# 0-1

[Event "Challenge"]
[Site "http://www.queenalice.com/game.php?id=1537484"]
[Date "2018.8.3"]
[Round "-"]
[White "dejami"]
[Black "JohnnyFarm"]
[Result "0-1"]
[WhiteElo "1668"]
[BlackElo "1524"]

1. e4 e5 2. Bc4 Nf6 3. Nf3 Nc6 4. c3 Bc5 5. Ng5 O-O 6. h3 h6 7. Nf3 Nh5 8. d4
exd4 9. cxd4 Bb4+ 10. Kf1 Na5 11. Qa4 Qe7 12. a3 Nxc4 13. axb4 Qxe4 14. Qb5 Qd3+
15. Ke1 Re8+ 16. Be3 Nf6 17. Na3 d5 18. Nxc4 dxc4 19. Ra3 Qb1+ 20. Ke2 Qxh1 21.
Qxc4 Qxg2 22. Qxc7 Bf5 23. Ne5 Rac8 24. Qxf7+ Kh8 25. Bf4 Rc2+ 26. Kd1 Qf1# 0-1

[Event "Let's Play E-18"]
[Site "http://www.queenalice.com/game.php?id=1541426"]
[Date "2018.9.13"]
[Round "-"]
[White "JohnnyFarm"]
[Black "Rider"]
[Result "0-1"]
[WhiteElo "1562"]
[BlackElo "1706"]

1. e4 e5 2. Nc3 d6 3. Bc4 Nf6 4. Nf3 Bg4 5. O-O c6 6. d3 b5 7. Bb3 a5 8. a4 b4
9. Ne2 Bxf3 10. gxf3 Nh5 11. c3 Na6 12. cxb4 axb4 13. d4 Qf6 14. d5 c5 15. Ng3
Nf4 16. Bxf4 Qxf4 17. Nf5 g6 18. Ng3 Bh6 19. a5 O-O 20. Ba4 c4 21. Qc1 Qxc1 22.
Raxc1 Nc5 23. Bc6 Rxa5 24. Rxc4 b3 25. Ne2 Nd3 26. Rc3 Nxb2 27. Rxb3 Nc4 28. Rc3
Nd2 29. Rd1 Rb8 30. f4 Nxe4 31. Rc4 Nf6 32. fxe5 dxe5 33. d6 Rd8 34. Rb1 Rxd6
35. Rb8+ Kg7 36. Nc3 Bf4 37. Nb5 Rd1+ 38. Kg2 e4 39. Bxe4 Bxb8 0-1

[Event "Let's Play E-19"]
[Site "http://www.queenalice.com/game.php?id=1541427"]
[Date "2018.9.13"]
[Round "-"]
[White "Rider"]
[Black "JohnnyFarm"]
[Result "1-0"]
[WhiteElo "1695"]
[BlackElo "1573"]

1. c3 e5 2. e4 Nf6 3. d3 Nc6 4. Be3 d6 5. f3 Be6 6. c4 Nh5 7. g4 Nf4 8. Bxf4
exf4 9. Qd2 Nd4 10. h4 Qd7 11. Qc3 c5 12. Nh3 Nxf3+ 13. Kd1 b5 14. Nxf4 Bxg4 15.
Kc1 g6 16. Qxh8 bxc4 17. dxc4 h5 18. Nd5 Qe7 19. Nxe7 Kxe7 20. Qc3 Bh6+ 21. Kc2
Nd4+ 22. Kd3 Nf3 23. Kc2 Nd4+ 24. Kd3 f5 25. Qe1 Kf6 26. Nc3 fxe4+ 27. Nxe4+ Kg7
28. Nxd6 Rb8 29. Qe7+ Kg8 30. Qf7+ Kh8 31. Qxg6 Bf5+ 32. Qxf5 Nxf5 33. Nxf5 Rd8+
34. Kc3 Rd2 35. a4 a5 36. Nxh6 Kh7 37. Kxd2 Kxh6 38. Re1 Kg6 39. Re5 Kf6 40.
Rxc5 Ke6 41. Rxh5 Kd6 42. Rg1 1-0

[Event "Let's Play 261"]
[Site "http://www.queenalice.com/game.php?id=1541870"]
[Date "2018.9.13"]
[Round "-"]
[White "JohnnyFarm"]
[Black "digger"]
[Result "1-0"]
[WhiteElo "1546"]
[BlackElo "1630"]

1. e4 d5 2. Nc3 d4 3. Nd5 c6 4. Nf4 e5 5. Nd3 Bd6 6. c3 dxc3 7. dxc3 c5 8. Nf3
Qf6 9. Bg5 Qg6 10. b4 c4 11. Nb2 Bg4 12. Qd2 h6 13. Bh4 Bxf3 14. gxf3 b5 15. Qd5
Ne7 16. Qxa8 Nc6 17. Bh3 f6 18. Rd1 Ke7 19. Qb7+ Kf8 20. Rxd6 Qe8 21. a4 bxa4
22. Nxa4 Qe7 23. Qc8+ Qe8 24. Qc7 Kg8 25. Rg1 a6 26. Qxg7# 1-0

[Event "Let's Play 262"]
[Site "http://www.queenalice.com/game.php?id=1541871"]
[Date "2018.9.13"]
[Round "-"]
[White "digger"]
[Black "JohnnyFarm"]
[Result "1-0"]
[WhiteElo "1607"]
[BlackElo "1588"]

1. e4 e5 2. d3 Nf6 3. Bg5 Nc6 4. Nc3 d6 5. Nd5 h6 6. Bh4 g5 7. Bg3 Be6 8. Nc3 d5
9. exd5 Bxd5 10. f3 Bc5 11. Nxd5 Nxd5 12. Qe2 Qf6 13. c3 Rd8 14. d4 Bd6 15. Qe4
Qe6 16. Bc4 Be7 17. Bxe5 Nxe5 18. dxe5 c6 19. O-O-O b5 20. Bb3 Bc5 21. c4 Ne3
22. Rxd8+ Kxd8 23. cxb5 Qf5 24. Qxf5 Nxf5 25. bxc6 Rf8 26. Ne2 Ne3 27. Ba4 Nxg2
28. Ng3 Bd4 29. Rd1 f6 30. Rxd4+ Kc7 31. Rd7+ Kc8 32. Rxa7 Re8 33. Ra8+ Kc7 34.
Rxe8 fxe5 35. Ne4 Kb6 36. Rxe5 Ne3 37. Nc3 1-0

[Event "Let's Play Chess!"]
[Site "http://www.queenalice.com/game.php?id=1571052"]
[Date "2019.5.15"]
[Round "-"]
[White "george941"]
[Black "JohnnyFarm"]
[Result "1-0"]
[WhiteElo "1724"]
[BlackElo "1521"]

1. e4 e5 2. d4 Bd6 3. d5 Nf6 4. Nc3 b6 5. Nf3 O-O 6. Bb5 c6 7. dxc6 dxc6 8. Bd3
b5 9. O-O Bg4 10. Bg5 Nbd7 11. Be2 h6 12. Bh4 Nc5 13. Bd3 b4 14. h3 Bxf3 15.
Qxf3 bxc3 16. bxc3 Rb8 17. Rab1 Qa5 18. Bxf6 gxf6 19. c4 Qxa2 20. Rxb8 Rxb8 21.
Qxf6 Ne6 22. Qxh6 Be7 23. Qh5 Bg5 24. h4 Bf4 25. g3 Bd2 26. Qg4+ Kf8 27. f4 exf4
28. gxf4 1-0